| 000 | 00461nam a2200181Ia 4500 | ||
|---|---|---|---|
| 008 | 151018s9999 xx 000 0 und d | ||
| 082 |
_bRBASDV60506 _a824 |
||
| 100 | _aP. C. Mittra | ||
| 245 | _amemoir of dwarkanath tagore | ||
| 250 | _b1 | ||
| 260 |
_bparul kolkata _c2011 |
||
| 300 | _a12359 | ||
| 600 | _aP. C. Mittra | ||
| 630 | _amemoir of dwarkanath tagore | ||
| 700 | _aP. C. Mittra | ||
| 730 | _amemoir of dwarkanath tagore | ||
| 942 | _cBOOK | ||
| 999 |
_c1054028 _d1054025 |
||